| 000 | 00381nam a2200121Ia 4500 | ||
|---|---|---|---|
| 008 | 191206s9999 xx 000 0 und d | ||
| 090 | _aQP751 | ||
| 245 | 0 | _a"Glucuronic acid, free and combined: chemistry, biochemistry, pharmacology, and medicine" | |
| 260 | _aAcademic Press | ||
| 260 | _cc1966 | ||
| 300 | _a"xviii, 629 p. illus. 24 cm." | ||
| 999 |
_c16051 _d16051 |
||